Youth Considers marriage (Record no. 11002)

MARC details
000 -LEADER
fixed length control field 00612nam a2200241 a 4500
001 - CONTROL NUMBER
control field 0001-1002
003 - CONTROL NUMBER IDENTIFIER
control field ELIB.Books
008 - FIXED-LENGTH DATA ELEMENTS--GENERAL INFORMATION
fixed length control field 141016 2010 eng
020 ## - INTERNATIONAL STANDARD BOOK NUMBER
International Standard Book Number 6621999 (LCCCN)
035 ## - SYSTEM CONTROL NUMBER
System control number (ELIB.Books)0001-1156
092 ## - LOCALLY ASSIGNED DEWEY CALL NUMBER (OCLC)
Classification number 268.4331
Item number Mac
100 ## - MAIN ENTRY--PERSONAL NAME
Personal name Mace, David R.
245 ## - TITLE STATEMENT
Title Youth Considers marriage
260 ## - PUBLICATION, DISTRIBUTION, ETC. (IMPRINT)
Place of publication, distribution, etc. London
Name of publisher, distributor, etc. Thomas Nelson & Sons
Date of publication, distribution, etc. 1966
300 ## - PHYSICAL DESCRIPTION
Extent 15194
Dimensions 22.3 Cm
500 ## - GENERAL NOTE
General note Dr. Yahalaylayla
650 ## - SUBJECT ADDED ENTRY--TOPICAL TERM
Topical term or geographic name as entry element R.E Youth
856 ## - ELECTRONIC LOCATION AND ACCESS
Name of location of host KBTS; Library
Uniform Resource Identifier <a href="KBTS; Elib.">KBTS; Elib.</a>
942 ## - ADDED ENTRY ELEMENTS (KOHA)
Source of classification or shelving scheme Dewey Decimal Classification
Koha item type Books
990 ## - EQUIVALENCES OR CROSS-REFERENCES [LOCAL, CANADA]
Link information for 9XX fields 1
998 ## - LOCAL CONTROL INFORMATION (RLIN)
Cataloger's initials, CIN (RLIN) bat
-- 2014-10-16
Holdings
Withdrawn status Lost status Source of classification or shelving scheme Damaged status Not for loan Home library Current library Date acquired Total Checkouts Barcode Date last seen Bill Date Koha item type
    Dewey Decimal Classification     Karen Baptist Theological Seminary Library Karen Baptist Theological Seminary Library 16/10/2014   15189 22/01/2022 22/01/2022 Books
Implemented & Customized by: BestBookBuddies

Powered by Koha